000 00287nam a2200109 a 4500
005 20201002052907.0
008 150818s2001 000 spa d
020 _a842162122X
245 0 _aLengua española : nivel básico.
260 _aSanto Domingo : Susaeta,
_c2001.
999 _c45957
_d45957
040 _aDO-SdBNP